Diktáty a jazykové cvičenia pre 3.-5. ročník základnej deväťročnej školy

Bibliographic Details
Main Authors: Bernáth, Pavol, 1909-1979 (Author), Horák, Gejza, 1919-2003 (Author)
Format: Book
Language:Slovak
PhysicalDescription:91, [3] s. tab. 8°
Published: Bratislava Slovenské pedagogické nakladateľstvo 1971
Edition:3. vyd.
Subjects:

MARC

LEADER 00000cam a2200000 a 4500
001 vtls008312489
003 SK-MaSNL
005 20260301093324.0
008 190102s1971 xo 000 0 slo
015 |a SNBA1971/07-01721 
020 |q (viaz.) 
035 |a SK01SNK19710004706 
035 |a SKM000007169 
040 |a SNK  |b slo  |c SNK  |e AACR2 
041 0 |a slo 
044 |a xo  |c SK 
080 |a 372.46(072)  |2 1981 
100 1 |a Bernáth, Pavol,  |d 1909-1979  |4 aut  |9 163969 
245 1 0 |a Diktáty a jazykové cvičenia pre 3.-5. ročník základnej deväťročnej školy  |c Pavol Bernáth, Gejza Horák 
250 |a 3. vyd. 
260 |a Bratislava  |b Slovenské pedagogické nakladateľstvo  |c 1971  |e Trnava  |f Polygrafické závody 
300 |a 91, [3] s.  |b tab.  |c 8° 
366 |e 20000 výtl. 
504 |a Bibliogr. odkazy 
650 0 7 |a slovenčina  |2 SNKPH  |9 1350 
650 0 7 |a pravopis  |2 SNKPH  |9 868 
650 0 7 |a diktáty a cvičenia  |2 SNKPH  |9 310714 
650 0 7 |a základné školy  |2 SNKPH  |9 1280 
655 7 |a príručky  |2 SNKPH  |9 74364 
700 1 |a Horák, Gejza,  |d 1919-2003  |4 aut  |9 104508 
852 |a Slovenská národná knižnica 
958 |a OND 
958 |a RK 
958 |a NB 
999 |c 676661  |d 678591 
952 |t P60, <04>, [BOOK], {604}  |a SNK  |b SNK  |y VYP  |7 0  |p 17A0018836  |o snkSC 27724 D2  |i snkD 107/76  |0 0  |1 0  |4 0  |d 1996-11-19  |l 0  |r 2005-01-01 00:00:00  |w 2026-02-23 
952 |a SNK  |b SNK  |y PREZ  |7 0  |p 17A0939190  |o snkSC 27724  |i snkKSP 5319/71  |0 0  |1 0  |4 0  |d 1997-03-12  |l 0  |r 2025-09-11 00:00:00  |w 2026-02-23 
952 |t P60, <04>, [BOOK], {604}  |a SNK  |b SNK  |y VYP  |7 0  |o snkSC 27724 D1  |i snkKSP 5320/71  |0 0  |1 0  |4 0  |d 1997-03-12  |l 0  |r 2005-01-01 00:00:00  |w 2026-02-23